Conflict trends : issue 3, 2015 (Record no. 81236)

MARC details
000 -LEADER
fixed length control field 00947nam a22002537a 4500
003 - CONTROL NUMBER IDENTIFIER
control field CBULib
005 - DATE AND TIME OF LATEST TRANSACTION
control field 20240111094224.0
008 - FIXED-LENGTH DATA ELEMENTS--GENERAL INFORMATION
fixed length control field 230815b |||||||| |||| 00| 0 eng d
020 ## - INTERNATIONAL STANDARD BOOK NUMBER
International Standard Book Number 15619818
040 ## - CATALOGING SOURCE
Original cataloging agency CBULib
Language of cataloging English
Transcribing agency CBULib
Description conventions rda
041 ## - LANGUAGE CODE
Language code of text/sound track or separate title eng
050 ## - LIBRARY OF CONGRESS CALL NUMBER
Classification number ACCORD(05)CT/2015/3
110 ## - MAIN ENTRY--CORPORATE NAME
9 (RLIN) 524
Corporate name or jurisdiction name as entry element The African Centre for the Constructive Resolution of Disputes(ACCORD)
245 ## - TITLE STATEMENT
Title Conflict trends : issue 3, 2015
Statement of responsibility, etc / by The African Centre for the Constructive Resolution of Disputes(ACCORD)
260 ## - PUBLICATION, DISTRIBUTION, ETC. (IMPRINT)
Place of publication, distribution, etc Umhlanga Rock :
Name of publisher, distributor, etc The African Centre for the Constructive Resolution of Disputes(ACCORD),
Date of publication, distribution, etc 2015
300 ## - PHYSICAL DESCRIPTION
Extent 56 pages : illustrations
336 ## - CONTENT TYPE
Source rdacontent
Content type term Text |
Content type code txt
337 ## - MEDIA TYPE
Source rdamedia
Media type term Unmediated |
Media type code n
338 ## - CARRIER TYPE
Source rdacarrier
Carrier type term Volume
Carrier type code nc
650 #0 - SUBJECT ADDED ENTRY--TOPICAL TERM
9 (RLIN) 528
Topical term or geographic name as entry element CONFLICT MANAGEMENT--AFRICA--PERIODICALS
650 #0 - SUBJECT ADDED ENTRY--TOPICAL TERM
Topical term or geographic name as entry element CONFLICT MANAGEMENT
9 (RLIN) 529
650 #0 - SUBJECT ADDED ENTRY--TOPICAL TERM
9 (RLIN) 530
Topical term or geographic name as entry element POLITICS AND GOVERNMENT
942 ## - ADDED ENTRY ELEMENTS (KOHA)
Source of classification or shelving scheme
Koha item type INTERNATIONAL PUBLICATIONS
Holdings
Withdrawn status Lost status Source of classification or shelving scheme Damaged status Not for loan Collection code Permanent Location Current Location Shelving location Date acquired Source of acquisition Full call number Barcode Date last seen Copy number Price effective from Koha item type
          Special Collections CBU-MAIN LIBRARY, KITWE. CBU-MAIN LIBRARY, KITWE. Special Collections 08/15/2023 DEP-ACCORD ACCORD(05)2015/3 B81236 08/15/2023 1 08/15/2023 INTERNATIONAL PUBLICATIONS